Political Business in East Asia / (Record no. 13643)
[ view plain ]
| 000 -LEADER | |
|---|---|
| fixed length control field | 01536cam a22003494a 4500 |
| 001 - CONTROL NUMBER | |
| control field | 12465832 |
| 005 - DATE AND TIME OF LATEST TRANSACTION | |
| control field | 20060807194945.0 |
| 008 - FIXED-LENGTH DATA ELEMENTS--GENERAL INFORMATION | |
| fixed length control field | 010711s2002 enk |rb 001 0 eng |
| 010 ## - LIBRARY OF CONGRESS CONTROL NUMBER | |
| LC control number | 2001044196 |
| 020 ## - INTERNATIONAL STANDARD BOOK NUMBER | |
| International Standard Book Number | 0415271487 |
| 020 ## - INTERNATIONAL STANDARD BOOK NUMBER | |
| International Standard Book Number | 0415271495 (pbk.) |
| 040 ## - CATALOGING SOURCE | |
| Original cataloging agency | DLC |
| Transcribing agency | DLC |
| Modifying agency | DLC |
| 042 ## - AUTHENTICATION CODE | |
| Authentication code | pcc |
| 043 ## - GEOGRAPHIC AREA CODE | |
| Geographic area code | ae----- |
| 050 00 - LIBRARY OF CONGRESS CALL NUMBER | |
| Classification number | JQ1499.A56 |
| Item number | C676 2002 |
| 082 00 - DEWEY DECIMAL CLASSIFICATION NUMBER | |
| Classification number | 320.95 |
| Edition number | 22 |
| Item number | EAS |
| 245 00 - TITLE STATEMENT | |
| Title | Political Business in East Asia / |
| Statement of responsibility, etc | Edited by Edmund Terence Gomez. |
| 260 ## - PUBLICATION, DISTRIBUTION, ETC. (IMPRINT) | |
| Place of publication, distribution, etc | London ; |
| -- | New York : |
| Name of publisher, distributor, etc | Routledge, 2002 |
| Date of publication, distribution, etc | 2002. |
| 300 ## - PHYSICAL DESCRIPTION | |
| Extent | xvi, 346 p. ; |
| Dimensions | 24 cm. |
| 440 #0 - | |
| -- | 12519 |
| 490 ## - Series Statement | |
| Series statement | Politics in Asia Series |
| 504 ## - BIBLIOGRAPHY, ETC. NOTE | |
| Bibliography, etc | Includes bibliographical references and index. |
| 650 #0 - SUBJECT ADDED ENTRY--TOPICAL TERM | |
| Topical term or geographic name as entry element | Political corruption |
| Geographic subdivision | East Asia. |
| 9 (RLIN) | 12520 |
| 650 #0 - SUBJECT ADDED ENTRY--TOPICAL TERM | |
| Topical term or geographic name as entry element | Business and politics |
| Geographic subdivision | East Asia. |
| 9 (RLIN) | 12521 |
| 650 #0 - SUBJECT ADDED ENTRY--TOPICAL TERM | |
| Topical term or geographic name as entry element | Democratization |
| Geographic subdivision | East Asia. |
| 9 (RLIN) | 12522 |
| 700 1# - ADDED ENTRY--PERSONAL NAME | |
| Personal name | Gomez, Edmund Terence. |
| 9 (RLIN) | 12523 |
| 856 42 - ELECTRONIC LOCATION AND ACCESS | |
| Materials specified | Publisher description |
| Uniform Resource Identifier | <a href="http://www.loc.gov/catdir/enhancements/fy0650/2001044196-d.html">http://www.loc.gov/catdir/enhancements/fy0650/2001044196-d.html</a> |
| 942 ## - ADDED ENTRY ELEMENTS (KOHA) | |
| Source of classification or shelving scheme | Dewey Decimal Classification |
| Item type | Book - Borrowing |
| Withdrawn status | Item status | Source of classification or shelving scheme | Damaged status | Not for loan | Vendor | Home library | Current library | Shelving location | Date acquired | Source of acquisition | Total Checkouts | Total Renewals | Full call number | Barcode | Date last seen | Date last borrowed | Koha item type |
|---|---|---|---|---|---|---|---|---|---|---|---|---|---|---|---|---|---|
| Dewey Decimal Classification | Baccah | Central Library | Central Library | First floor | 14/03/2010 | 1 | 3 | 320.95 EAS | 000020142 | 15/07/2025 | 24/03/2010 | Book - Borrowing | |||||
| Dewey Decimal Classification | Baccah | Central Library | Central Library | First floor | 14/03/2010 | 320.95 EAS | 000020141 | 15/07/2025 | NB - Book (Non borrowing) |